Normal view
MARC view
Entry Personal Name
001 - CONTROL NUMBER
- control field: 5424
003 - CONTROL NUMBER IDENTIFIER
- control field: BD-RjUL
005 - DATE AND TIME OF LATEST TRANSACTION
- control field: 20221023154319.0
008 - FIXED-LENGTH DATA ELEMENTS
- fixed length control field: 221023|| aca||aabn | a|a d
040 ## - CATALOGING SOURCE
- Original cataloging agency: BD-RjUL
- Transcribing agency: BD-RjUL
100 ## - HEADING--PERSONAL NAME
- Personal name: Rahman, Md. Moshiur
670 ## - SOURCE DATA FOUND
- Source citation: Work cat.: (BD-RjUL)80598: Rahman, Md. Moshiur, Climate change and It's impact on ground water Resources in Northwest Bangladesh / , 2011